00601nam a2200169 a 450000100100000000500170001000800410002702000150006804000250008310000360010824500350014426000390017930000210021850000700023995201050030999900170041400004328320201002040804.0140304s2001 sp 000 0 spa d a8483064316 aDO-SdBNPbspacBNPHU1 aAmo, Álvaro deld1942-92139710aCinefilia /cÁlvaro del Amo. aMadrid :bEditorial Debate,c2001. a158 p. ;c23 cm. aIncluye datos biográficos del autor en la solapa de la cubierta 001050718MOaGRbGRcCTd2014-03-04iLF1l0o p43283-10r2020-06-25w2020-06-25y1ZNo se presta c42772d42772